000 00604nam a2200241 a 4500
001 0001-1343
003 ELIB.Books
008 150831 2010 eng
020 _a1401905145
035 _a(ELIB.Books)0001-1498
092 _a204.32
_bSte
100 _aStein, Ben
245 _aThe Gift of Peace
260 _aCarlsbad:
_bHay House, Inc.
_c2005
300 _a182
_c19
500 _aDr. Min Oo
650 _aPeace of Mind/ Religious /Aspects
856 _nKBTS: Library
_uKBTS: Elib
942 _2ddc
_cBK
990 _a1
998 _cbat
_e2015-08-31
999 _c11343
_d11343